[Event "ARG-ch U20"]
[Site "Buenos Aires"]
[Date "2023.02.20"]
[Round "8"]
[White "Bazan, Octavio Aaron"]
[Black "Frutos, Leandro Jose"]
[Result "1/2-1/2"]
[WhiteElo "1630"]
[BlackElo "1946"]
[PlyCount "96"]
[EventDate "2023.02.17"]
[EventType "swiss"]
[EventRounds "9"]
[EventCountry "ARG"]
[SourceTitle "EXT 2024"]
[Source "ChessBase"]
[SourceDate "2023.10.10"]
[SourceVersion "1"]
[SourceVersionDate "2023.10.10"]
[SourceQuality "1"]

1. e4 c5 2. c3 Nf6 3. e5 Nd5 4. d4 cxd4 5. Nf3 d6 6. cxd4 dxe5 7. Nxe5 Nc6 8. Nxc6 bxc6 9. Nc3 e6 10. Be2 Bd6 11. 0-0 0-0 12. Bf3 Qc7 13. g3 Rd8 14. Bd2 Rb8 15. Rb1 Ba6 16. Be2 Nxc3 17. Bxc3 Bb7 18. Bf3 c5 19. Bxb7 Rxb7 20. Qa4 Qd7 21. Qd1 c4 22. Qe2 Qa4 23. a3 Be7 24. Rbd1 Rbd7 25. Rfe1 Bf6 26. f4 g6 27. Qe3 Rd5 28. Rd2 Qd7 29. Red1 h5 30. h4 a5 31. Kh2 Qa7 32. Qg1 a4 33. Kh1 R8d7 34. Kh2 Qb6 35. Kh1 Qd8 36. Qe3 Bg7 37. Kh2 Kh7 38. Kh1 Rb7 39. Qe2 Qc8 40. Kh2 Rbd7 41. Kh1 Qc6 42. Kh2 Qb5 43. Kg2 Qc6 44. Kh2 Qb5 45. Kh1 Qb3 46. Kh2 Bf8 47. Qe3 Bg7 48. Kh1 Kh8 1/2-1/2

[Event "ARG-ch U20"]
[Site "Buenos Aires"]
[Date "2023.02.18"]
[Round "4"]
[White "Paris, Adolfo"]
[Black "Frutos, Leandro Jose"]
[Result "1/2-1/2"]
[WhiteElo "1793"]
[BlackElo "1946"]
[PlyCount "115"]
[EventDate "2023.02.17"]
[EventType "swiss"]
[EventRounds "9"]
[EventCountry "ARG"]
[SourceTitle "EXT 2024"]
[Source "ChessBase"]
[SourceDate "2023.10.10"]
[SourceVersion "1"]
[SourceVersionDate "2023.10.10"]
[SourceQuality "1"]

1. c4 e6 2. g3 d5 3. d4 Nf6 4. Bg2 Be7 5. Nf3 0-0 6. 0-0 dxc4 7. Ne5 Nbd7 8. Nxc4 c5 9. dxc5 Nxc5 10. Nc3 a5 11. Qxd8 Rxd8 12. Bf4 Ra6 13. Rfd1 Bd7 14. Bc7 Rc8 15. Bd6 Kf8 16. Bxe7+ Kxe7 17. Ne5 Be8 18. Rac1 Rb6 19. b3 Rd8 20. Nd5+ exd5 21. Rxc5 Kd6 22. Nd3 Bb5 23. Rc3 Rc6 24. Rxc6+ bxc6 25. f4 Ng4 26. Bf3 Ne3 27. Rd2 f6 28. Kf2 d4 29. Nb2 c5 30. Nd1 Re8 31. Nb2 g5 32. h3 gxf4 33. gxf4 Nd5 34. Bxd5 Kxd5 35. Nd1 Ke4 36. e3 dxe3+ 37. Nxe3 Kxf4 38. Nd5+ Ke5 39. Nc7 Rb8 40. Rd5+ Ke4 41. Rxc5 Bd7 42. Rxa5 Bxh3 43. Nd5 Rf8 44. Ne3 Rd8 45. Ra4+ Rd4 46. Rxd4+ Kxd4 47. a4 Bd7 48. a5 Bc6 49. b4 h5 50. a6 h4 51. Nf5+ Kc4 52. Nxh4 Kxb4 53. Nf5 Ka5 54. Ne7 Ba8 55. Ng8 f5 56. Ne7 f4 57. Ng6 f3 58. Ne5 1/2-1/2

[Event "ARG-ch U20"]
[Site "Buenos Aires"]
[Date "2023.02.17"]
[Round "1"]
[White "Frutos, Leandro Jose"]
[Black "Britos, Tomas Agustin"]
[Result "1-0"]
[WhiteElo "1946"]
[BlackElo "1200"]
[PlyCount "49"]
[EventDate "2023.02.17"]
[EventType "swiss"]
[EventRounds "9"]
[EventCountry "ARG"]
[SourceTitle "EXT 2024"]
[Source "ChessBase"]
[SourceDate "2023.10.10"]
[SourceVersion "1"]
[SourceVersionDate "2023.10.10"]
[SourceQuality "1"]

1. d4 Nf6 2. c4 e6 3. Nf3 d5 4. g3 c5 5. cxd5 exd5 6. Bg2 Nc6 7. 0-0 Be6 8. Nc3 cxd4 9. Nxd4 Bc5 10. Nxe6 fxe6 11. Bg5 0-0 12. Rc1 Be7 13. e4 d4 14. Na4 Nd7 15. Bxe7 Qxe7 16. a3 e5 17. Qb3+ Qf7 18. Qxb7 Na5 19. Qd5 Qxd5 20. exd5 Rac8 21. Bh3 Rxc1 22. Rxc1 Nb3 23. Re1 Nf6 24. d6 d3 25. Be6+ 1-0

[Event "Santa Fe Perez op"]
[Site "Santa Fe"]
[Date "2023.01.28"]
[Round "4"]
[White "Romero Barreto, Jaime Jose"]
[Black "Frutos, Leandro Jose"]
[Result "1-0"]
[WhiteElo "2367"]
[BlackElo "1847"]
[PlyCount "55"]
[EventDate "2023.01.26"]
[EventType "swiss"]
[EventRounds "7"]
[EventCountry "ARG"]
[SourceTitle "CBM 212 Extra"]
[Source "ChessBase"]
[SourceDate "2023.03.31"]
[SourceVersion "1"]
[SourceVersionDate "2023.03.31"]
[SourceQuality "1"]

1. e4 e6 2. Qe2 c5 3. g3 g6 4. Bg2 Bg7 5. Nf3 d6 6. 0-0 Ne7 7. Rd1 Nbc6 8. c3 e5 9. Na3 0-0 10. Nc2 d5 11. exd5 Nxd5 12. Qc4 Qd6 13. d3 h6 14. Nd2 Nb6 15. Qb5 Nd7 16. Ne4 Qe7 17. Ne3 a6 18. Qb3 b5 19. Nd5 Qd8 20. Qa3 b4 21. cxb4 Nd4 22. bxc5 Nc2 23. Qa4 Nxa1 24. Bd2 Bb7 25. c6 Nb6 26. Nxb6 Qxb6 27. cxb7 Qxb7 28. Nf6+ 1-0

[Event "Santa Fe Perez op"]
[Site "Santa Fe"]
[Date "2023.01.27"]
[Round "3"]
[White "Frutos, Leandro Jose"]
[Black "Perez Candelas, Andres Eloy"]
[Result "1-0"]
[WhiteElo "1847"]
[BlackElo "2271"]
[PlyCount "61"]
[EventDate "2023.01.26"]
[EventType "swiss"]
[EventRounds "7"]
[EventCountry "ARG"]
[SourceTitle "CBM 212 Extra"]
[Source "ChessBase"]
[SourceDate "2023.03.31"]
[SourceVersion "1"]
[SourceVersionDate "2023.03.31"]
[SourceQuality "1"]

1. d4 e6 2. Nf3 b6 3. c4 Bb7 4. g3 Bb4+ 5. Bd2 Bxd2+ 6. Qxd2 Bxf3 7. exf3 Ne7 8. Nc3 d5 9. f4 c6 10. cxd5 cxd5 11. Bd3 Nbc6 12. Ne2 0-0 13. 0-0 Qd6 14. Rac1 Qb4 15. Rc3 g6 16. a3 Qd6 17. Rfc1 a6 18. Kg2 Kg7 19. Qe3 Rfc8 20. Ng1 a5 21. Nf3 f6 22. Re1 Nd8 23. Rxc8 Rxc8 24. g4 Rc7 25. g5 Nf5 26. Bxf5 gxf5 27. gxf6+ Kxf6 28. Ne5 Nc6 29. Qh3 Ne7 30. Qxh7 Nc6 31. Qh3 1-0

[Event "Rio Grande op 19th"]
[Site "Rio Grande"]
[Date "2019.07.08"]
[Round "5"]
[White "Frutos, Leandro Jose"]
[Black "Sosa, Ricardo Hugo"]
[Result "1-0"]
[WhiteElo "1459"]
[BlackElo "1909"]
[PlyCount "69"]
[EventDate "2019.07.05"]
[EventType "swiss"]
[EventRounds "7"]
[EventCountry "ARG"]
[SourceTitle "EXT 2020"]
[Source "ChessBase"]
[SourceDate "2019.10.17"]
[SourceVersion "1"]
[SourceVersionDate "2019.10.17"]
[SourceQuality "1"]

1. d4 Nf6 2. c4 g6 3. Nf3 Bg7 4. g3 0-0 5. Bg2 d6 6. 0-0 Nc6 7. Nc3 Re8 8. e4 Bg4 9. h3 Bd7 10. e5 dxe5 11. dxe5 Nh5 12. g4 Nxe5 13. Nxe5 Bxe5 14. gxh5 Qc8 15. Qf3 Bc6 16. Qe3 Bxg2 17. Kxg2 Bg7 18. h6 Bh8 19. Ne4 Qe6 20. Nd2 Qf5 21. Nf3 Rad8 22. Re1 c5 23. Qe4 Qc8 24. Ne5 Rd4 25. Qf3 f6 26. Ng4 Qc7 27. Be3 Rd3 28. Bf4 Qd8 29. Rad1 Rxd1 30. Rxd1 Qb6 31. a4 Qe6 32. Qd5 Kf7 33. Qxb7 Qe2 34. Qd5+ e6 35. Qb7+ 1-0

[Event "ARG-ch U10"]
[Site "Buenos Aires"]
[Date "2019.03.05"]
[Round "9.3"]
[White "Lavandeira, Juan Facundo"]
[Black "Frutos, Leandro Jose"]
[Result "1/2-1/2"]
[WhiteElo "1376"]
[BlackElo "1366"]
[PlyCount "50"]
[EventDate "2019.03.01"]
[EventType "swiss"]
[EventRounds "9"]
[EventCountry "ARG"]
[SourceTitle "EXT 2024"]
[Source "ChessBase"]
[SourceDate "2023.10.10"]
[SourceVersion "1"]
[SourceVersionDate "2023.10.10"]
[SourceQuality "1"]

1. d4 d5 2. c4 e6 3. Nf3 Nf6 4. g3 Be7 5. Bg2 0-0 6. 0-0 Nbd7 7. Qc2 c6 8. Nbd2 b6 9. e4 dxc4 10. Nxc4 Bb7 11. Ng5 h6 12. Nh3 c5 13. dxc5 Nxc5 14. Rd1 Qc7 15. e5 Nd5 16. Ne3 Nxe3 17. Bxe3 Bxg2 18. Kxg2 Qb7+ 19. Kg1 Rac8 20. Qe2 Kh7 21. Bxc5 Bxc5 22. Qd3+ Kg8 23. Nf4 Qc7 24. Qe2 Rfd8 25. Rxd8+ Rxd8 1/2-1/2

[Event "ARG-ch U10"]
[Site "Buenos Aires"]
[Date "2019.03.03"]
[Round "5.3"]
[White "Farhat, Eliseo"]
[Black "Frutos, Leandro Jose"]
[Result "0-1"]
[WhiteElo "1289"]
[BlackElo "1366"]
[PlyCount "70"]
[EventDate "2019.03.01"]
[EventType "swiss"]
[EventRounds "9"]
[EventCountry "ARG"]
[SourceTitle "EXT 2024"]
[Source "ChessBase"]
[SourceDate "2023.10.10"]
[SourceVersion "1"]
[SourceVersionDate "2023.10.10"]
[SourceQuality "1"]

1. e4 e6 2. d4 d5 3. e5 c5 4. c3 Nc6 5. Bb5 Bd7 6. Bxc6 Bxc6 7. f4 cxd4 8. cxd4 Bb4+ 9. Nc3 Ne7 10. Nf3 0-0 11. 0-0 Rc8 12. Bd2 Bxc3 13. Bxc3 a6 14. Bb4 Re8 15. a4 Nf5 16. Qd2 b6 17. b3 a5 18. Ba3 Ra8 19. g4 Ne7 20. Qd3 h6 21. Rf2 Ng6 22. Qe3 Nh4 23. Raf1 Bb7 24. Nxh4 Qxh4 25. Rg2 Rac8 26. Rf3 Rc6 27. Rh3 Qd8 28. g5 hxg5 29. Rxg5 g6 30. Qg3 Kg7 31. f5 exf5 32. Rxf5 Bc8 33. Qg5 Qxg5+ 34. Rxg5 Bxh3 35. Rg3 Bf5 0-1

[Event "ARG-ch U10"]
[Site "Buenos Aires"]
[Date "2019.03.03"]
[Round "6.3"]
[White "Frutos, Leandro Jose"]
[Black "Varela, Agustin"]
[Result "1/2-1/2"]
[WhiteElo "1366"]
[BlackElo "1384"]
[PlyCount "36"]
[EventDate "2019.03.01"]
[EventType "swiss"]
[EventRounds "9"]
[EventCountry "ARG"]
[SourceTitle "EXT 2024"]
[Source "ChessBase"]
[SourceDate "2023.10.10"]
[SourceVersion "1"]
[SourceVersionDate "2023.10.10"]
[SourceQuality "1"]

1. d4 d5 2. c4 e6 3. Nf3 Nf6 4. g3 Bb4+ 5. Bd2 Bxd2+ 6. Nbxd2 b6 7. Bg2 0-0 8. 0-0 Ba6 9. cxd5 exd5 10. Re1 Qe7 11. Rc1 Bb7 12. Qc2 Na6 13. a3 c5 14. dxc5 Nxc5 15. b4 Nce4 16. Qc7 Rfe8 17. Qxe7 Rxe7 18. Nxe4 dxe4 1/2-1/2

[Event "ARG-ch U10"]
[Site "Buenos Aires"]
[Date "2019.03.01"]
[Round "2.5"]
[White "Gimenez, Benjamin"]
[Black "Frutos, Leandro Jose"]
[Result "1/2-1/2"]
[WhiteElo "1053"]
[BlackElo "1366"]
[PlyCount "93"]
[EventDate "2019.03.01"]
[EventType "swiss"]
[EventRounds "9"]
[EventCountry "ARG"]
[SourceTitle "EXT 2024"]
[Source "ChessBase"]
[SourceDate "2023.10.10"]
[SourceVersion "1"]
[SourceVersionDate "2023.10.10"]
[SourceQuality "1"]

1. e4 e6 2. d4 d5 3. e5 c5 4. c3 Nc6 5. Nf3 Qb6 6. Be2 Bd7 7. 0-0 0-0-0 8. Qb3 Qxb3 9. axb3 a6 10. Ng5 Nh6 11. Be3 Be7 12. dxc5 Nxe5 13. Nf3 Nxf3+ 14. Bxf3 Nf5 15. Bd4 f6 16. Bg4 Nxd4 17. cxd4 e5 18. Bxd7+ Rxd7 19. dxe5 fxe5 20. b4 d4 21. b5 Bxc5 22. bxa6 bxa6 23. Rxa6 Kb7 24. Re6 Re7 25. Rxe7+ Bxe7 26. Re1 Rf8 27. Kf1 Bf6 28. Na3 d3 29. Rd1 e4 30. Nb5 Kb6 31. Nd6 Rd8 32. Nxe4 Kb5 33. Nxf6 gxf6 34. Rd2 Kc4 35. Ke1 Re8+ 36. Kd1 Ra8 37. b3+ Kc3 38. Ke1 Re8+ 39. Kd1 Ra8 40. Ke1 Re8+ 41. Kd1 Ra8 42. Ke1 Re8+ 43. Kd1 Ra8 44. Ke1 Re8+ 45. Kd1 Ra8 46. Ke1 Re8+ 47. Kd1 1/2-1/2

[Event "Rio Grande op 18th"]
[Site "Rio Grande"]
[Date "2018.07.08"]
[Round "6"]
[White "Frutos, Leandro Jose"]
[Black "Zsilavecz, Francisco"]
[Result "0-1"]
[WhiteElo "1187"]
[BlackElo "1741"]
[PlyCount "50"]
[EventDate "2018.07.05"]
[EventType "swiss"]
[EventRounds "7"]
[EventCountry "ARG"]
[SourceTitle "EXT 2019"]
[Source "ChessBase"]
[SourceDate "2018.10.10"]
[SourceVersion "1"]
[SourceVersionDate "2018.10.10"]
[SourceQuality "1"]

1. d4 e6 2. c4 g6 3. Nf3 Bg7 4. g3 Ne7 5. Bg2 0-0 6. 0-0 c6 7. Nc3 d5 8. cxd5 cxd5 9. Bf4 Nbc6 10. Rc1 Qb6 11. Na4 Qb4 12. Bd2 Qb5 13. Rc5 Qa6 14. Bc3 b6 15. Rxc6 Nxc6 16. Qc2 Qc4 17. b3 Qa6 18. Bb2 Bd7 19. Ba3 Rfc8 20. Qb2 Rc7 21. Bd6 Rcc8 22. a3 Bf8 23. Bxf8 Rxf8 24. Rc1 Rac8 25. Rc2 Na5 0-1

[Event "Rio Grande op 18th"]
[Site "Rio Grande"]
[Date "2018.07.05"]
[Round "1"]
[White "Corrales Jimenez, Zenia"]
[Black "Frutos, Leandro Jose"]
[Result "1-0"]
[WhiteElo "2192"]
[BlackElo "1187"]
[PlyCount "63"]
[EventDate "2018.07.05"]
[EventType "swiss"]
[EventRounds "7"]
[EventCountry "ARG"]
[SourceTitle "EXT 2019"]
[Source "ChessBase"]
[SourceDate "2018.10.10"]
[SourceVersion "1"]
[SourceVersionDate "2018.10.10"]
[SourceQuality "1"]

1. e4 e5 2. Nf3 Nc6 3. d4 exd4 4. Nxd4 Bc5 5. Be3 Qf6 6. c3 d6 7. Bc4 Ne5 8. Be2 Bd7 9. 0-0 0-0-0 10. Nd2 Ne7 11. b4 Bb6 12. a4 c5 13. N4b3 Qg6 14. Bh5 Bg4 15. Bxg6 Bxd1 16. Rfxd1 hxg6 17. a5 Bc7 18. bxc5 dxc5 19. Bxc5 N5c6 20. h3 f5 21. Nd4 fxe4 22. Nxe4 Rhe8 23. Ng5 Nd5 24. Nde6 Rd7 25. Nf8 Rxf8 26. Bxf8 Nxc3 27. Rxd7 Kxd7 28. Bxg7 Nd5 29. Rd1 Nce7 30. g4 Kc6 31. h4 Nf4 32. Rc1+ 1-0